Largest U.S East Coast Cities - Statistics

General Stats
  • This quiz has been taken 191 times
  • The average score is 6 of 10
Answer Stats
Hint Answer % Correct
8,537,673 New York
100%
673,184 Boston
97%
453,579 Miami
94%
614,664 Baltimore
81%
880,619 Jacksonville
69%
452,602 Virginia Beach
58%
377,165 Tampa
49%
391,495 New Orleans
36%
2,303,482 Houston
35%
325,733 Corpus Christi
13%
No matching quizzes found
Score Distribution
Percent of People with Each Score
Percentile by Number Answered
Your Score History
You have not taken this quiz